000 00443nam a2200181Ia 4500
008 230524s9999 xx 000 0 und d
020 _a978811289506
082 _bZHA
100 _aHuaguang Zhan
_942114
245 0 _aFuzzy Modeling and Fuzzy Control
250 _a1
260 _aNew Delhi
_bCengage
_c2008
300 _a"X,413p;"
500 _aQuantity Number: 1
650 _aComp-Sc
700 _a Derong Liu
_942115
942 _cBK
999 _c56517
_d56517